<?xml version="1.0" encoding="UTF-8"?>
<record
    xmlns:xsi="http://www.w3.org/2001/XMLSchema-instance"
    xsi:schemaLocation="http://www.loc.gov/MARC21/slim http://www.loc.gov/standards/marcxml/schema/MARC21slim.xsd"
    xmlns="http://www.loc.gov/MARC21/slim">

  <leader>01145nkm a2200277 i 4500</leader>
  <controlfield tag="001">4485</controlfield>
  <controlfield tag="003">ES-MaACL</controlfield>
  <controlfield tag="005">20230906144348.0</controlfield>
  <controlfield tag="007">khrbo</controlfield>
  <controlfield tag="008">070713s1989    sp --- g      |001||spa d</controlfield>
  <datafield tag="110" ind1="2" ind2=" ">
    <subfield code="a">Ateneo de Madrid.</subfield>
    <subfield code="9">1875</subfield>
  </datafield>
  <datafield tag="245" ind1="1" ind2="0">
    <subfield code="a">Socialismo, mercado y democracia [</subfield>
    <subfield code="h">Fotograf&#xED;a] / </subfield>
    <subfield code="c">Ateneo de Madrid.</subfield>
  </datafield>
  <datafield tag="260" ind1=" " ind2=" ">
    <subfield code="a">[S.l. : </subfield>
    <subfield code="b">s.n.], </subfield>
    <subfield code="c">1989.</subfield>
  </datafield>
  <datafield tag="300" ind1=" " ind2=" ">
    <subfield code="a">2 fot. en negativo : </subfield>
    <subfield code="b">col. ; </subfield>
    <subfield code="c">12 x 18 cm.</subfield>
  </datafield>
  <datafield tag="490" ind1="1" ind2=" ">
    <subfield code="a">Debates sobre la Perestroika</subfield>
  </datafield>
  <datafield tag="500" ind1=" " ind2=" ">
    <subfield code="a">Datos basados en invitaci&#xF3;n.</subfield>
  </datafield>
  <datafield tag="511" ind1="0" ind2=" ">
    <subfield code="a">Interviene: Juan Manuel Vera.</subfield>
  </datafield>
  <datafield tag="518" ind1=" " ind2=" ">
    <subfield code="a">Acto organizado por el Ateneo de Madrid en colaboraci&#xF3;n con la Fundaci&#xF3;n Andreu Nin, celebrado en la sala de conferencias el lunes, 12 de junio de 1989, a las 19:30 h.</subfield>
  </datafield>
  <datafield tag="600" ind1="1" ind2="4">
    <subfield code="a">Vera, Juan Manuel.</subfield>
    <subfield code="9">113948</subfield>
  </datafield>
  <datafield tag="610" ind1="2" ind2="4">
    <subfield code="a">Ateneo de Madrid-</subfield>
    <subfield code="x">Actos culturales-</subfield>
    <subfield code="y">1989-</subfield>
    <subfield code="v">Fotograf&#xED;as.</subfield>
    <subfield code="9">1904</subfield>
  </datafield>
  <datafield tag="710" ind1="2" ind2=" ">
    <subfield code="a">Fundaci&#xF3;n Andreu Nin (Madrid)</subfield>
    <subfield code="9">4215</subfield>
  </datafield>
  <datafield tag="830" ind1="0" ind2=" ">
    <subfield code="a">Debates sobre la Perestroika</subfield>
    <subfield code="9">227670</subfield>
  </datafield>
  <datafield tag="852" ind1=" " ind2=" ">
    <subfield code="a">ES-MaACL</subfield>
    <subfield code="j">FOT 4/1989</subfield>
  </datafield>
  <datafield tag="856" ind1="4" ind2=" ">
    <subfield code="u">http://www.ateneodemadrid.net/biblioteca_digital/imagenes/1989/0004-1989.jpg</subfield>
    <subfield code="z">Ver imagen</subfield>
  </datafield>
  <datafield tag="999" ind1=" " ind2=" ">
    <subfield code="c">4485</subfield>
    <subfield code="d">4485</subfield>
  </datafield>
  <datafield tag="952" ind1=" " ind2=" ">
    <subfield code="0">0</subfield>
    <subfield code="1">0</subfield>
    <subfield code="2">udc</subfield>
    <subfield code="4">0</subfield>
    <subfield code="7">0</subfield>
    <subfield code="8">Fondo_Ateneo_de_Madrid</subfield>
    <subfield code="a">ATENEOM</subfield>
    <subfield code="b">ATENEOM</subfield>
    <subfield code="c">DEPOZ</subfield>
    <subfield code="d">2008-01-17</subfield>
    <subfield code="l">0</subfield>
    <subfield code="o">FOT 4/1989</subfield>
    <subfield code="p">1004548</subfield>
    <subfield code="r">2023-02-23 00:00:00</subfield>
    <subfield code="w">2023-02-23</subfield>
    <subfield code="y">FOTOGRAFIA</subfield>
  </datafield>
</record>
